Using communication theory : an introduction to planned communication
Αποθηκεύτηκε σε:
| Κύριος συγγραφέας: | |
|---|---|
| Άλλοι συγγραφείς: | , |
| Μορφή: | Βιβλίο |
| Γλώσσα: | English |
| Δημοσίευση: |
London :
Sage Publication,
c1992
|
| Θέματα: | |
| Ετικέτες: |
Προσθήκη ετικέτας
Δεν υπάρχουν, Καταχωρήστε ετικέτα πρώτοι!
|
MARC
| LEADER | 00000nam a2200000 i 4500 | ||
|---|---|---|---|
| 001 | 1/13838 | ||
| 008 | 001129s1992 eng d | ||
| 020 | |a 0-8039-8431-6 | ||
| 035 | |l 10064770 | ||
| 040 | |a GR-MY-UA |b gre |e aacr | ||
| 041 | 0 | |a eng | |
| 082 | 0 | |a 302.2 | |
| 100 | 1 | |a Windahl, Swen, |d 1942- | |
| 245 | 1 | 0 | |a Using communication theory : |b an introduction to planned communication / |c Benno Signitzer and Sven Windhal with Jean T. Olson |
| 260 | |a London : |b Sage Publication, |c c1992 | ||
| 300 | |a 248 p. |b ill. | ||
| 504 | |a Includes bibliographical references and index | ||
| 650 | 0 | 0 | |a Communication planning. |
| 650 | 0 | 0 | |a Mass media |x Planning. |
| 700 | 1 | |a Signitzer, Benno. | |
| 700 | 1 | |a Olson, Jean T. | |
| 852 | |a INST |b LESVOS |e 20001129 |h 302.2 WIN |p 005100029464 |q 005100029464 |t BK |y 0 | ||
| 901 | |a BIBL1-2000-3 | ||
| 909 | |a Λ |b 082771 | ||
| 922 | |a 1ΕΛΗ |b 200011 |c ΤΑΚ/ΠΤΕ |d ΜΙΧΑΛΟΠΟΥΛΟΣ | ||
| 950 | |a 185-2000-09-13 | ||
| 970 | |a ΤΖΑΦΕΡΗ |b ΕΥΑΓΓΕΛΙΑ |z 2000/12/05 | ||